000 01081cam a22002531i 4500
003 SA-RiAUC
005 20250923061328.0
008 250728s1997 sy g 00000 ara c
040 _aQA-DoFIS
_bara
_cSA-RiAUC.
_erda
082 0 4 _a257.1
_qSA-RiAUC
090 _a257.1
_bم ح م
100 0 _aمحمد الخضر حسين،
_d1876-1958
_eمؤلف.
245 1 0 _aنظرات في الإسلام وأصول الحكم /
_cمحمد الخضر حسين ؛ حققه علي الرضا الحسيني.
264 1 _aدمشق :
_bالدار الحسينية للكتاب،
_c1997.
300 _a190 صفحة ؛
_c24 سم
336 _aنص
_btxt
_2rdacontent
_3كتاب
337 _aبدون وسيط
_bn
_2rdamedia
338 _aمجلد
_bnc
_2rdacarrier
650 7 _aنظم الحكم في الإسلام
_2aucsh
700 1 _aالحسيني، علي الرضا
_eمحقق.
700 0 2 _iتحقيق لـ (عمل) :
_aمحمد الخضر حسين،
_d1876-1958
_tنظرات في الإسلام وأصول الحكم
942 _2ddc
_cBOOK
_n0
949 _aSA-JeALM
_d250728
_uosman123
_n1
999 _c12051
_d12051